Detekcia a rozpoznávanie štruktúr v mikroskopických biomedicínskych dátach

Saved in:
Bibliographic Details
Main Author: Bokor, Peter (Author)
Other Authors: Hudec, Lukáš (Thesis advisor)
Format: Manuscript Book
Language:Slovak
Published: 2019
Subjects:
Online Access:http://is.stuba.sk/zp/portal_zp.pl?podrobnosti=134724
Tags: Add Tag
No Tags, Be the first to tag this record!

MARC

LEADER 00000ntm a22000003a 4500
001 stuzp75097
003 SK-STU
005 20190729161450.6
007 ta
008 150427s2015----xo-----f-mn---000-0-slo-d
040 |a STU  |b slo 
041 0 |a slo 
044 |a xo 
100 1 |a Bokor, Peter  |u 070400  |4 aut  |U FIIT Fakulta informatiky a informačných technológií  |T FIIT Ústav počítačového inžinierstva a aplikovanej informatiky  |X 85782  |U I400  |Y 672  |7 85782 
242 0 1 |a Detection and recognition of structures in microscopic biomedical data  |y eng 
245 1 0 |a Detekcia a rozpoznávanie štruktúr v mikroskopických biomedicínskych dátach 
260 |c 2019 
300 |e Neobsahuje CD-rom 
650 4 |a Hlboké učenie  |2 slo 
650 4 |a Siamské neurónové siete  |2 slo 
650 4 |a Strojové učenie  |2 slo 
650 4 |a Počítačové videnie  |2 slo 
650 4 |a Machine learning  |2 eng 
650 4 |a Computer vision  |2 eng 
650 4 |a Deep learning  |2 eng 
650 4 |a Siamese neural networks  |2 eng 
700 1 |a Hudec, Lukáš  |u 070400  |k Z3  |4 ths  |U FIIT Fakulta informatiky a informačných technológií  |T FIIT Ústav počítačového inžinierstva a aplikovanej informatiky  |X 52443  |U I400  |Y 672  |7 52443 
856 4 |u http://is.stuba.sk/zp/portal_zp.pl?podrobnosti=134724 
996 |c I*BAP65/19  |l II680  |s P  |a 0  |w stuzp75097_0001